Economic Recovery through the EU Accession Process

Bibliographic Details
Main Author: Mehaj, Dafina
Other Authors: Pantovic, Miodrag
Format: eBook
Language:English
Published: Bruselas: Lambert Academic Publishing, 2019
Subjects:
Online Access:Acceso restringido

MARC

LEADER 00000nam a22000007a 4500
005 2019091703433.0
007 cr|||| ||||
008 190917s2019 eu |||||s|||| 00||0 eng d
020 |a 9786139444526 
035 |a 25395 
040 |a vLex 
090 |c 9544  |d 9544 
100 1 |a Mehaj, Dafina 
245 1 0 |a Economic Recovery through the EU Accession Process  |h [Recurso electrn̤ico] /  |c Dafina Mehaj, Miodrag Pantovic 
256 |a Servicio en ln̕ea 
260 |a Bruselas:  |b Lambert Academic Publishing,  |c 2019 
300 |a 1 recurso electrn̤ico 
500 |a Paradoxically, when the EC underwent its greatest transformation since the original Treaty of Rome, emerging as EU, the Socialist Yugoslavia was in a process of defragmenting although it was the first socialist country to conclude agreement relation with the EU and therefore the process of EU integration in the region has commenced comparatively later then in the other societies of former socialists block. Contemporary, the EU Accession in the WB is seen as a module to create sustainable development framework and stability in terms of economic prosperity. However, due to the various reasons from both political and economic spectrum, EU integration progress is not followed with the same level of achievement in economic development and WB societies are still struggling with high level of corruption, low level of GDP growth, financial instability, huge level of trade deficit and lack of the economic perspective. In this paper we will focus on Serbia and Kosovo, and EU accession of both societies as a chance for economic recovery or lost opportunity for economic development. Serbia and Kosovo were part of the SFRY and share many economic similarities. 
506 1 |a Disponible solo en los productos indicados  |d vLex Global  |d vLex Global (Academic Edition, excluding Law Schools)  |d vLex Global (U.S. Academic Edition, Law Schools)  |d vLex Global (U.S. Academic Edition, excluding Law Schools)  |d vLex Global (Academic Edition, Law Schools) 
650 0 4 |a Derecho Laboral y Seguridad Social  |z Unin̤ Europea 
700 1 |a Pantovic, Miodrag 
740 0 |a vLex Libros (Servicio en ln̕ea) 
856 4 0 |u http://vlex.com/source/25395  |z Acceso restringido 
942 |c BOOK 
999 0 |a Labor law and social security